Szczegóły MARC21

Schauspiele 1967-1973 /

003 -Nazwa inst., której nr kontr. jest w polu 001 [,]
    • @
    • Nazwa instytucji, której n kontrolny jest w polu 001
    • NUKAT
005 -DATA I CZAS OSTATNIEJ MODYFIKACJI [,]
    • @
    • pole kontrolne
    • 20250315004911.0
020 -Międzynarod. znormalizowany nr książki - ISBN [ , ]
    • a
    • Numer ISBN
    • 385420082X Find
    • q
    • Dopowiedzenie
    • Normalausgabe
020 -Międzynarod. znormalizowany nr książki - ISBN [ , ]
    • a
    • Numer ISBN
    • 3854200838 Find
    • q
    • Dopowiedzenie
    • Sonderausgabe
040 -Instytucja sporządzająca opis [ , ]
    • a
    • Instytucja, która sporządziła opis (NP)
    • WR U/kc
    • c
    • Instytucja, która sporządziła rekord (NP)
    • WR U/kc
    • d
    • Instytucja, która zmodyfikowała rekord (P)
    • WR U/jd
942 -Rodzaj dokumentu [ , ]
    • c
    • Rodzaj dokumentu
    • Książka
100 -Hasło główne - nazwa osobowa [1, ]
    • a
    • Nazwa osobowa (NP)
    • Bauer, Wolfgang
    • d
    • Daty biograficzne (NP)
    • (1941-2005).
    • 9
    • KHW
    • 260548
245 -Strefa tytułu i oznaczenia odpowiedzialności [1,0]
    • a
    • Tytuł
    • Schauspiele 1967-1973 / Find
    • c
    • Pozostałe elementy strefy tytułu i oznaczenia odpowiedzialności (NP)
    • Wolfgang Bauer ; mit einem Nachwort von Herbert Gamper.
260 -Strefa adresu wydawniczego [ , ]
    • a
    • Miejsce wydania (P)
    • Graz ;
    • a
    • Miejsce wydania (P)
    • Wien :
    • b
    • Nazwa wydawcy (P)
    • Verlag Droschl,
    • c
    • Data wydania (P)
    • 1986.
300 -Strefa opisu fizycznego [ , ]
    • a
    • Określenie formy książki i/lub objętość (NP)
    • 229, [2] s. ;
    • c
    • Format (NP)
    • 21 cm.
336 -Typ zawartości [ , ]
    • a
    • Termin opisujący typ zawartości
    • Tekst
    • b
    • Kod określający zawartość
    • txt
    • 2
    • Źródło (terminu i kodu)
    • rdacontent
337 -Typ mediów [ , ]
    • a
    • Tryb odtwarzania
    • Bez urządzenia pośredniczącego
    • b
    • Kod typu mediów
    • n
    • 2
    • Źródło (terminu i kodu)
    • rdamedia
338 -Typ/rodzaj nośnika [ , ]
    • a
    • Hasło opisujące typ nośnika
    • Wolumin
    • b
    • Kod typu nośnika
    • nc
    • 2
    • Źródło (terminu i kodu)
    • rdacarrier
490 -Strefa serii i książki wielotomowej - forma nie do wyszukiwania [1, ]
    • a
    • Tytuł (P)
    • Werke in sieben Bänden / Wolfgang Bauer ; hrsg. von Gerhard Melzer ; Find
    • v
    • Numeracja (P)
    • Bd. 2
505 -Uwaga dot. zawartości książki [0, ]
    • a
    • Uwaga dot. zawartości książki
    • Magic afternoon ; Change ; Film und Frau ; Silvester oder Das Massaker im Hotel Sacher ; Gespenster.
700 -Hasło dodatkowe - nazwa osobowa [1, ]
    • a
    • Nazwa osobowa (NP)
    • Gamper, Herbert Find
    • d
    • Daty biograficzne (NP)
    • (1936- ).
    • e
    • Określenie rodzaju współpracy
    • Posł.
    • 9
    • KHW
    • 742629
700 -Hasło dodatkowe - nazwa osobowa [1,2]
    • a
    • Nazwa osobowa (NP)
    • Bauer, Wolfgang Find
    • d
    • Daty biograficzne (NP)
    • (1941-2005).
    • t
    • Tytuł ujednolicony/tytuł (NP)
    • Magic afternoon Find
    • l
    • Język tekstu (NP)
    • (niem.)
    • 9
    • KHW
    • 742636
700 -Hasło dodatkowe - nazwa osobowa [1,2]
    • a
    • Nazwa osobowa (NP)
    • Bauer, Wolfgang Find
    • d
    • Daty biograficzne (NP)
    • (1941-2005).
    • t
    • Tytuł ujednolicony/tytuł (NP)
    • Change Find
    • l
    • Język tekstu (NP)
    • (niem.)
    • 9
    • KHW
    • 460145
700 -Hasło dodatkowe - nazwa osobowa [1,2]
    • a
    • Nazwa osobowa (NP)
    • Bauer, Wolfgang Find
    • d
    • Daty biograficzne (NP)
    • (1941-2005).
    • t
    • Tytuł ujednolicony/tytuł (NP)
    • Film und Frau Find
    • l
    • Język tekstu (NP)
    • (niem.)
    • 9
    • KHW
    • 742653
700 -Hasło dodatkowe - nazwa osobowa [1,2]
    • a
    • Nazwa osobowa (NP)
    • Bauer, Wolfgang Find
    • d
    • Daty biograficzne (NP)
    • (1941-2005).
    • t
    • Tytuł ujednolicony/tytuł (NP)
    • Silvester oder Das Massaker im Hotel Sacher Find
    • l
    • Język tekstu (NP)
    • (niem.)
    • 9
    • KHW
    • 742652
700 -Hasło dodatkowe - nazwa osobowa [1,2]
    • a
    • Nazwa osobowa (NP)
    • Bauer, Wolfgang Find
    • d
    • Daty biograficzne (NP)
    • (1941-2005).
    • t
    • Tytuł ujednolicony/tytuł (NP)
    • Gespenster Find
    • l
    • Język tekstu (NP)
    • (niem.)
    • 9
    • KHW
    • 742651
700 -Hasło dodatkowe - nazwa osobowa [1, ]
    • a
    • Nazwa osobowa (NP)
    • Melzer, Gerhard Find
    • d
    • Daty biograficzne (NP)
    • (1950- ).
    • e
    • Określenie rodzaju współpracy
    • Red.
    • 9
    • KHW
    • 506378
800 -Hasło dodatkowe opisu książki wielotomowej - nazwa osobowa [1, ]
    • a
    • Nazwa osobowa (NP)
    • Bauer, Wolfgang
    • d
    • Daty biograficzne (NP)
    • (1941-2005).
    • t
    • Tytuł ujednolicony/tytuł (NP)
    • Werke
    • v
    • Oznaczenie tomu (NP)
    • Bd. 2
    • 9
    • KHW
    • 742638
920 -ISBN [ , ]
    • a
    • ISBN
    • 3-85420-082-X Find
    • q
    • Dopowiedzenie
    • Normalausgabe
920 -ISBN [ , ]
    • a
    • ISBN
    • 3-85420-083-8 Find
    • q
    • Dopowiedzenie
    • Sonderausgabe
Sygnatura Lokalizacja Data inwentaryzacji Status udost. Numer inwentarzowy
Germ. Dramat austriackiBM2026-04-01-3BJM.7157